00533 a2200169 450000500170000000800410001702000310005804000090008908200190009810000230011724501240014026000400026430000150030465000130031965000180033265000130035020260430103731.0260429b |||||||| |||| 00| 0 eng d a9789360801892cRs. 2100.00 aMAIN a294.521bL966S aLudvik, Catherine  aSarasvati: Riverine goddess of knowledge: From the manuscript-carrying vina-player to the weapon defender of the dharma bManohar Publishersc2025aNew Delhi axviii, 374 aReligion aIndian Origin aHinduism